Types of Breakfast Foods - Statistics

General Stats
  • This quiz has been taken 595 times
  • The average score is 12 of 15
Answer Stats
Picture Answer % Correct
Pancake
97%
Toast
97%
Waffle
97%
Cereal
96%
Fruit
95%
Croissant
92%
Scrambled Eggs
91%
Oatmeal
90%
Omelet
86%
Shake
85%
French toast
84%
Burrito
81%
Crepe
73%
Avocado Toast
58%
Yogurt Parfait
20%
No matching quizzes found
Score Distribution
Percent of People with Each Score
Percentile by Number Answered
Your Score History
You have not taken this quiz